00517nam a2200181Ia 4500003000900000008004100009020001600050040001600066080002400082245007200106260003300178300001400211650002800225650001900253650002500272650001700297700002100314IN-BaIIA211028s9999 xx 000 0 eng d a306-38308-X cIIA Library a047.1:535.33bDEV-8 0aDevelopments in applied spectroscopybvol. 8cedited by E. L. Grove aNew YorkbPlenum Pressc1970 aix, 325p. aAbsorption spectroscopy aNASA Thesaurus aOptical spectroscopy aSpectroscopy aGrove, E.L., ed.